|
|
|
|
| LEADER |
01489nam a2200397 a 4500 |
| 001 |
000555538 |
| 003 |
CZ BrMZK |
| 005 |
20081022100109.0 |
| 007 |
ta |
| 008 |
000115s2000 xr f cze d |
| 020 |
|
|
|a 80-213-0708-0
|
| 040 |
|
|
|a BOA001
|b cze
|
| 072 |
|
7 |
|a 005
|x Management. Řízení
|2 Konspekt
|9 4
|
| 080 |
|
|
|a 005.332.4
|2 MRF
|
| 080 |
|
|
|a 005:[007+004]
|2 MRF
|
| 080 |
|
|
|a 007+004
|2 MRF
|
| 080 |
|
|
|a 004.738.5
|2 MRF
|
| 080 |
|
|
|a 658
|2 MRF
|
| 080 |
|
|
|a (082)
|2 MRF
|
| 080 |
|
|
|a (047.31)
|2 MRF
|
| 100 |
1 |
|
|a Tichá, Ivana,
|d 1963-
|7 jn20010309220
|
| 245 |
1 |
0 |
|a Zdrojový přístup k vytváření konkurenční výhody.
|n Soubor výstupů II, 2. průběžná zpráva o realizaci výzkumného záměru /
|c Ivana Tichá.
|
| 260 |
|
|
|a Praha :
|b Česká zemědělská univerzita,
|c 2000
|
| 300 |
|
|
|a 23 s. ;
|c 21 x 30 cm +
|e 1 CD.
|
| 500 |
|
|
|a Název z obálky
|
| 650 |
0 |
7 |
|a konkurenceschopnost
|7 ph121800
|2 czenas
|
| 650 |
0 |
7 |
|a informační management
|7 ph114770
|2 czenas
|
| 650 |
0 |
7 |
|a informační systémy
|7 ph114774
|2 czenas
|
| 650 |
0 |
7 |
|a internet
|7 ph117022
|2 czenas
|
| 650 |
0 |
7 |
|a podnikový management
|7 ph115763
|2 czenas
|
| 655 |
|
7 |
|a sborníky
|7 fd163935
|2 czenas
|
| 655 |
|
7 |
|a výzkumné zprávy
|7 fd131869
|2 czenas
|
| 710 |
2 |
|
|a Česká zemědělská univerzita v Praze.
|b Provozně ekonomická fakulta
|7 kn20010725055
|
| 910 |
|
|
|a BOA001
|b 4-1069.951,2
|
| 990 |
|
|
|a BK
|
| 996 |
6 |
|
|b 2610131672
|c 4-1069.951,2
|l MZK
|r Sklad / do 1 hodiny
|n 1
|w 000555538
|u 000010
|a 1
|e BOA001
|j MZK50
|s P
|